Länder, die am meisten Bier trinken - Statistiken

Allgemein
  • Dieses Quiz wurde 1.071 mal gespielt
  • Das Durchschnittsergebnis liegt bei 10 aus 20
Antwortstatistiken
Liter pro Kopf Land % Korrekt
104.7 Deutschland
100%
75.8 Vereinigte Staaten
93%
104.8 Österreich
88%
97.8 Polen
88%
142.6 Tschechien
85%
80.6 Spanien
74%
97 Irland
70%
74.1 Slowakei
65%
74.2 Australien
58%
75 Slowenien
57%
78.5 Finnland
52%
85.9 Rumänien
51%
93.5 Estland
50%
78.2 Lettland
50%
96.6 Litauen
49%
104 Namibia
6%
76.6 Panama
4%
88.9 Gabon
2%
114.6 Seychellen
2%
93.8 Belize
1%
Keine übereinstimmenden Quizze gefunden
Verteilung der Resultate
Anzahl Personen mit jedem Resultat
Perzentil nach korrekt beantworteten Fragen
Ihre Resultats-Entwicklung
Sie haben dieses Quiz noch nicht gespielt